<?xml version="1.0" encoding="UTF-8"?>
<record
    xmlns:xsi="http://www.w3.org/2001/XMLSchema-instance"
    xsi:schemaLocation="http://www.loc.gov/MARC21/slim http://www.loc.gov/standards/marcxml/schema/MARC21slim.xsd"
    xmlns="http://www.loc.gov/MARC21/slim">

  <leader>00492nam a2200181Ia 4500</leader>
  <controlfield tag="008">230917s9999||||xx |||||||||||||| ||und||</controlfield>
  <datafield tag="020" ind1=" " ind2=" ">
    <subfield code="c">Rs. 695.00</subfield>
    <subfield code="a">9789395829281</subfield>
  </datafield>
  <datafield tag="040" ind1=" " ind2=" ">
    <subfield code="a">MAIN</subfield>
  </datafield>
  <datafield tag="082" ind1=" " ind2=" ">
    <subfield code="a">181.452 B469Y</subfield>
  </datafield>
  <datafield tag="100" ind1=" " ind2=" ">
    <subfield code="a">Bhardwaj, Sunil Kumar</subfield>
  </datafield>
  <datafield tag="245" ind1=" " ind2="0">
    <subfield code="a">Yoga granthon ka saransh</subfield>
  </datafield>
  <datafield tag="260" ind1=" " ind2=" ">
    <subfield code="a">New Delhi</subfield>
    <subfield code="b">Friends Publications</subfield>
    <subfield code="c">2022</subfield>
  </datafield>
  <datafield tag="300" ind1=" " ind2=" ">
    <subfield code="a">135 p.</subfield>
  </datafield>
  <datafield tag="500" ind1=" " ind2=" ">
    <subfield code="a">5042 23/01/2023 FP23/220 25/01/2023 Main Budget</subfield>
  </datafield>
  <datafield tag="650" ind1=" " ind2=" ">
    <subfield code="a">Yoga </subfield>
  </datafield>
  <datafield tag="650" ind1=" " ind2=" ">
    <subfield code="a">Yoga Philosophy</subfield>
  </datafield>
  <datafield tag="942" ind1=" " ind2=" ">
    <subfield code="c">BK</subfield>
  </datafield>
  <datafield tag="952" ind1=" " ind2=" ">
    <subfield code="0">0</subfield>
    <subfield code="1">0</subfield>
    <subfield code="2">ddc</subfield>
    <subfield code="4">0</subfield>
    <subfield code="6">181_452000000000000_B469Y</subfield>
    <subfield code="7">0</subfield>
    <subfield code="9">14492</subfield>
    <subfield code="a">MAIN</subfield>
    <subfield code="b">MAIN</subfield>
    <subfield code="c">VL</subfield>
    <subfield code="d">2023-02-28</subfield>
    <subfield code="l">1</subfield>
    <subfield code="o">181.452 B469Y</subfield>
    <subfield code="p">407286</subfield>
    <subfield code="r">2023-12-18 09:30:58</subfield>
    <subfield code="s">2023-12-09</subfield>
    <subfield code="w">2023-09-17</subfield>
    <subfield code="y">BK</subfield>
  </datafield>
  <datafield tag="952" ind1=" " ind2=" ">
    <subfield code="0">0</subfield>
    <subfield code="1">0</subfield>
    <subfield code="2">ddc</subfield>
    <subfield code="4">0</subfield>
    <subfield code="6">181_452000000000000_B469Y</subfield>
    <subfield code="7">0</subfield>
    <subfield code="9">498332</subfield>
    <subfield code="a">MAIN</subfield>
    <subfield code="b">MAIN</subfield>
    <subfield code="c">VL</subfield>
    <subfield code="d">2026-02-19</subfield>
    <subfield code="e">1</subfield>
    <subfield code="g">521.25</subfield>
    <subfield code="l">0</subfield>
    <subfield code="o">181.452 B469Y</subfield>
    <subfield code="p">438498</subfield>
    <subfield code="r">2026-02-19 00:00:00</subfield>
    <subfield code="v">695.00</subfield>
    <subfield code="w">2026-02-19</subfield>
    <subfield code="y">BK</subfield>
  </datafield>
  <datafield tag="952" ind1=" " ind2=" ">
    <subfield code="0">0</subfield>
    <subfield code="1">0</subfield>
    <subfield code="2">ddc</subfield>
    <subfield code="4">0</subfield>
    <subfield code="6">181_452000000000000_B469Y</subfield>
    <subfield code="7">0</subfield>
    <subfield code="9">498333</subfield>
    <subfield code="a">MAIN</subfield>
    <subfield code="b">MAIN</subfield>
    <subfield code="c">VL</subfield>
    <subfield code="d">2026-02-19</subfield>
    <subfield code="e">1</subfield>
    <subfield code="g">521.25</subfield>
    <subfield code="l">0</subfield>
    <subfield code="o">181.452 B469Y</subfield>
    <subfield code="p">438497</subfield>
    <subfield code="r">2026-02-19 00:00:00</subfield>
    <subfield code="v">695.00</subfield>
    <subfield code="w">2026-02-19</subfield>
    <subfield code="y">BK</subfield>
  </datafield>
  <datafield tag="999" ind1=" " ind2=" ">
    <subfield code="c">8690</subfield>
    <subfield code="d">8690</subfield>
  </datafield>
</record>
